00256nam a2200085Ia 4500100003900000245005400039260003000093300001000123710003700133 aCentral Reference Library, Kolkaka 0aIndian national bibliography : Annual volume 1992 aKolkatabThe authorc1997 a327p. aIndia. Central Reference Library